00356nam a22001332 4500001001100000005001700011008004100028040001500069245004700084250001300131260003300144300001400177700003100191000000623720151021151109.0070928s xx 000 0 eng d aKABUcKABU10aSynthesizer basics /ced. by Brent Hurtig. arev. ed. aMilwaukee, WI :b9PI,c1988. av, 129 p.1 aHurtig, Brent.@0000157638